000 00996nam a22003257a 4500
001 0031445
003 KOHA_MİRAKIL
005 20260207002801.0
007 ta
008 110818b1981 us |||gr||||#0|||1|eng |
020 _a0898743796
040 _aTR-BiSEU
_btur
_cTR-BiSEU
_erda
041 0 _aeng
044 _cus
050 _aPE1112
_b.T87 1981
100 1 _aTurner, Rufus P..
245 1 _aGrammar review for technical writers/
_cRufus P. Turner ; Rufus P. Turner.
250 _aRev. ed.
264 1 _aFlorida :
_bRobert E. Krieger
_c1981
300 _ax, 118 s. ;
_c21 cm.
336 _ametin
_btxt
_2rdacontent
337 _aaracısız
_bn
_2rdamedia
338 _acilt
_bnc
_2rdacarrier
650 0 _aEnglish language--Grammar--1950-.
_961999
650 0 _aEnglish language--Technical English.
_911717
650 0 _aİngiliz dili--Dilbilgisi-- 1950-.
_962000
650 0 _aİngiliz dili--Dilbilgisi--Öğrenim ve öğretim.
_962001
907 _aDil
942 _2lcc
_cBK
999 _c31357
_d31357